LEADER 01592nam a2200301 u 4500 001 000000105514 003 CaOOAMICUS 005 20070608104659.0 008 070608s2007 be u100 u fre u 020 $z978-2-503-52342-2* 040 $aPUL$bita$dLDB 245 00$aAlfred Loisy cent ans après autor d'un petit livre :$bActes du colloque international tenu à Paris les 23-24 mai 2003 /$cpubliés sous la direction de François Laplanche, Ilaria Biagioli, Claude Langlois. 260 $aTurnhout :$bBrepols,$cc2007. 300 $a351 p. ;$c24 cm 490 1 $aBibliothèque de l'Ecole des hautes études.$aSciences religieuses ;$vVol. 131 500 $aIndici: p. 335-351. 504 $aBibliografia in nota. 600 14$aLoisy, Alfred Firmin,$d1857-1940.$0(OLS)http://pul/subject/692 700 1 $aLanglois, Claude,$d1937-$0(OLS)http://pul/name/52720 700 1 $aBiagoli, Ilaria.$0(OLS)http://pul/name/63384 700 1 $aLaplanche, François,$d1928-$0(OLS)http://pul/name/39232 830 0$aBibliothèque de l'Ecole des hautes études.$pSciences religieuses ;$vVol. 131.$0(OLS)http://pul/title/13429 850 $aPUL 852 $aPUL$W1$xSL Religione 1$y3$m52 I 131$j118246$qStampati$B118147$CPULBib$Z2$F118147 $H104271 $82 941 1 $a8 996 $6020$z978-2-503-52342-2*$9(OLS)http://pul/number/134709 996 $6245$aAlfred Loisy cent ans après autor d'un petit livre :$bActes du colloque international tenu à Paris les 23-24 mai 2003$9(OLS)http://pul/title/132806 996 $6260$aTurnhout :$bBrepols$9(OLS)http://pul/publisher/47850 LEADER 01698nam a2200397 a 4500 001 000000175695 003 CaOOAMICUS 005 20230203104632.0 008 230203s2022 it u000 u ita r 020 $z978-88-301-0438-9* 032 $aLibriCat 040 $aPUL$bita 041 0 $aita$alat 084 $a320.01 100 1 $aMarx, Karl,$d1818-1883.$0(OLS)http://pul/name/35606 245 10$aQuaderno Spinoza /$cKarl Marx ; a cura di Ludovica Filieri ; postfazione di Alexandre Matheron. 260 $aMilano :$bBompiani,$c©2022. 300 $a301 p. ;$c20 cm 490 1 $aBompiani testi a fronte$a165 504 $aBibliografia in nota a piè pagina.$b 546 $aTesto latino a fronte. 600 14$aSpinoza, Benedictus de,$d1632-1677$xCritica e interpretazione.$0(OLS)http://pul/subject/2306 700 1 $aFilieri, Ludovica.$0(OLS)http://pul/name/112907 700 1 $aMatheron, Alexandre.$0(OLS)http://pul/name/23692 700 1 $aSpinoza, Benedictus de,$d1632-1677$tTractatus Theologico-Politicus.$0(OLS)http://pul/name/64310 830 0$aBompiani testi a fronte ;$v165.$0(OLS)http://pul/title/87343 850 $aPUL 852 $aPUL$W1$xSL Filosofia 2$y80$mPhil A2 2.165$j199880$qStampati Altre Collocazioni$B204639$CPULBib$Z2$F204639 $H136015 $82 900 $aMarx, Carlo$935606 941 1 $a10 983 0$aTesti a fronte (Bompiani) 996 $6020$z978-88-301-0438-9*$9(OLS)http://pul/number/168997 996 $6084$a320.01$9(OLS)http://pul/classification/3385 996 $6245$aQuaderno Spinoza$9(OLS)http://pul/title/217152 996 $6260$aMilano :$bBompiani$9(OLS)http://pul/publisher/48240